[Event "40th Bosna Open"]
[Site "Sarajevo BIH"]
[Date "2010.05.09"]
[Round "5"]
[White "Petrosian,DG"]
[Black "Galic,Z"]
[Result "1-0"]
[WhiteElo "2490"]
[BlackElo "2346"]
[EventDate "2010.05.05"]

1. e4 c5 2. Nf3 d6 3. d4 cxd4 4. Nxd4 Nf6 5. Nc3 Nc6 6. Bc4 e6 7. Be3 Be7
8. Qe2 a6 9. O-O-O Qc7 10. Bb3 Na5 11. g4 b5 12. g5 Nxb3+ 13. axb3 Nd7 14.
Nf5 exf5 15. Nd5 Qd8 16. exf5 Bb7 17. f6 Bxd5 18. fxg7 Rg8 19. Rxd5 Rxg7
20. f4 Kf8 21. Bd4 Rg6 22. Qh5 Kg8 23. h4 f6 24. Re1 fxg5 25. hxg5 Qf8 26.
Qg4 Ne5 27. fxe5 Bxg5+ 28. Kb1 Bd2 29. Rg1 Rxg4 30. Rxg4+ Kf7 31. Rxd6 Ke7
32. Bc5 Be3 33. Bxe3 Qf3 34. Rg7+ Ke8 35. Re6+ Kd8 36. Bb6+ 1-0

[Event "40th Bosna Open"]
[Site "Sarajevo BIH"]
[Date "2010.05.09"]
[Round "5"]
[White "Solic,K"]
[Black "Saric,A"]
[Result "1/2-1/2"]
[WhiteElo "2222"]
[BlackElo "2489"]
[EventDate "2010.05.05"]

1. Nf3 Nf6 2. g3 d5 3. Bg2 c6 4. O-O Bg4 5. d3 Nbd7 6. Nbd2 e5 7. e4 dxe4
8. Nxe4 Nxe4 9. dxe4 Bc5 10. h3 Bxf3 11. Bxf3 1/2-1/2

[Event "40th Bosna Open"]
[Site "Sarajevo BIH"]
[Date "2010.05.09"]
[Round "5"]
[White "Drljevic,L"]
[Black "Stojanovic,Da"]
[Result "1/2-1/2"]
[WhiteElo "2218"]
[BlackElo "2481"]
[EventDate "2010.05.05"]

1. Nf3 c5 2. g3 Nc6 3. Bg2 g6 4. O-O Bg7 5. d3 d6 6. e4 e5 7. c3 Nge7 8. a3
O-O 9. b4 a6 10. Nbd2 h6 11. Re1 Be6 12. Nb3 b6 13. Rb1 Kh7 14. Qe2 Qd7 15.
Nfd2 Rab8 16. Nc4 cxb4 17. axb4 d5 18. exd5 Bxd5 19. Bf1 Be6 20. Bb2 Rfd8
21. Ra1 Qb7 22. Bg2 Bd5 23. Bh3 f5 24. d4 exd4 25. Nxd4 Nxd4 26. cxd4 Nc6
27. Ne5 Re8 28. Qxa6 Nxb4 29. Qa4 Nc6 30. Qb5 Rbd8 1/2-1/2

[Event "40th Bosna Open"]
[Site "Sarajevo BIH"]
[Date "2010.05.09"]
[Round "5"]
[White "Bandic,A"]
[Black "Huschenbeth,N"]
[Result "0-1"]
[WhiteElo "2164"]
[BlackElo "2457"]
[EventDate "2010.05.05"]

1. e4 c5 2. Nf3 d6 3. d4 cxd4 4. Nxd4 Nf6 5. Nc3 Nc6 6. Bg5 e6 7. Qd2 Be7
8. O-O-O Nxd4 9. Qxd4 a6 10. f4 b5 11. e5 dxe5 12. Qxd8+ Bxd8 13. fxe5 Nd7
14. Bxd8 Kxd8 15. Be2 Bb7 16. Bf3 Bxf3 17. gxf3 Ke7 18. f4 h6 19. Rhf1 g5
20. f5 Nxe5 21. fxe6 fxe6 22. Rde1 Nc4 23. Rf2 Rad8 24. Ne4 Rd5 25. Nf6 Re5
26. Rd1 Rf5 27. Rxf5 exf5 28. Nd5+ Kf7 29. Nc7 f4 30. b3 Ne3 31. Rd7+ Kg6
32. Rd6+ Kf5 33. h3 f3 34. Nxa6 h5 35. Rd2 g4 36. Rf2 Rc8 37. Nb4 Ke4 38.
hxg4 hxg4 39. Rh2 g3 40. Rh4+ Kf5 0-1

[Event "40th Bosna Open"]
[Site "Sarajevo BIH"]
[Date "2010.05.09"]
[Round "5"]
[White "Predojevic,B"]
[Black "Kislik,E"]
[Result "1-0"]
[WhiteElo "2628"]
[BlackElo "2353"]
[EventDate "2010.05.05"]

1. e4 c5 2. Nf3 d6 3. d4 cxd4 4. Nxd4 Nf6 5. Nc3 Nc6 6. Bg5 e6 7. Qd2 Be7
8. O-O-O O-O 9. f4 Nxd4 10. Qxd4 Qa5 11. h4 Rd8 12. Qe3 h6 13. Bd3 Kf8 14.
e5 dxe5 15. fxe5 hxg5 16. hxg5 Ng8 17. Rh8 Bc5 18. Qf3 Bd4 19. Rf1 f5 20.
gxf6 Qxe5 21. f7 1-0

[Event "40th Bosna Open"]
[Site "Sarajevo BIH"]
[Date "2010.05.09"]
[Round "5"]
[White "Popovic,Zo1"]
[Black "Berg,E"]
[Result "0-1"]
[WhiteElo "2369"]
[BlackElo "2616"]
[EventDate "2010.05.05"]

1. d4 Nf6 2. c4 g6 3. Nc3 Bg7 4. e4 d6 5. Nf3 O-O 6. Be2 e5 7. O-O Nc6 8.
d5 Ne7 9. Nd2 Ne8 10. b4 f5 11. c5 Nf6 12. f3 f4 13. a4 g5 14. Nc4 Ng6 15.
Ba3 Rf7 16. b5 dxc5 17. Bxc5 h5 18. h3 g4 19. fxg4 hxg4 20. hxg4 Nd7 21.
Bf2 Qg5 22. d6 Bf8 23. dxc7 Rh7 24. Qd5+ Kg7 25. Qd3 Qh6 26. Qh3 Qg5 27.
Qd3 Nf6 28. Rfd1 Nxg4 29. Bxg4 Bxg4 30. Qd5 Bf3 0-1

[Event "40th Bosna Open"]
[Site "Sarajevo BIH"]
[Date "2010.05.09"]
[Round "5"]
[White "Burovic,I"]
[Black "Prohaszka,P2"]
[Result "0-1"]
[WhiteElo "2352"]
[BlackElo "2510"]
[EventDate "2010.05.05"]

1. e4 c6 2. f4 d5 3. e5 Bf5 4. d3 e6 5. Be2 Bc5 6. Nf3 Nd7 7. d4 Be7 8. Be3
h5 9. O-O Nh6 10. c3 Qb6 11. Qc1 Bg4 12. Nbd2 Nf5 13. Bf2 Rc8 14. b4 h4 15.
h3 Bxf3 16. Nxf3 a5 17. a3 Ra8 18. Bd3 g6 19. c4 Qd8 20. cxd5 cxd5 21. bxa5
Qxa5 22. Qb2 b6 23. a4 Kf8 24. Rfc1 Qa7 25. Bb5 Kg7 26. Rc3 Nb8 27. Rb3 Bd8
28. Qe2 Qb7 29. Rc3 Be7 30. Rac1 Ra7 31. Qb2 Na6 32. Bc6 Qb8 33. Rb3 Rc8
34. Bb5 Rxc1+ 35. Qxc1 Rc7 36. Qe1 Qc8 37. Kh2 Nb4 38. Nxh4 Bxh4 39. Bxh4
Nc2 40. Bf6+ Kg8 41. Qf2 Ncxd4 42. Rb2 Rc3 43. Bf1 Qc5 44. Bd8 Qa3 45. Bxb6
Qxa4 46. Ra2 Qd1 47. Rd2 Rxh3+ 48. Kg1 Ng3 49. Qxg3 Ne2+ 50. Rxe2 Rxg3 51.
Ra2 Rc3 52. Ra8+ Kh7 53. Ra2 Qb1 54. Bd4 Qxa2 55. Bxc3 Qa7+ 56. Kh1 Qf2 0-1

[Event "40th Bosna Open"]
[Site "Sarajevo BIH"]
[Date "2010.05.09"]
[Round "5"]
[White "Gerzhoy,L"]
[Black "Estrada Nieto,J"]
[Result "1-0"]
[WhiteElo "2469"]
[BlackElo "2304"]
[EventDate "2010.05.05"]

1. e4 e5 2. Nf3 Nc6 3. Bb5 a6 4. Ba4 Nf6 5. O-O Be7 6. Re1 b5 7. Bb3 d6 8.
c3 O-O 9. h3 Na5 10. Bc2 c5 11. d4 Qc7 12. Nbd2 cxd4 13. cxd4 Bd7 14. Nf1
Rac8 15. Ne3 Nc6 16. d5 Nb4 17. Bb1 a5 18. a3 Na6 19. b4 axb4 20. axb4 Qb7
21. Bd2 Ra8 22. Nh2 Nc7 23. Rxa8 Rxa8 24. Qf3 Ra3 25. Bc1 Ra4 26. Bc2 Ra2
27. Bb3 Ra1 28. Nc2 Ra8 29. Nf1 Qc8 30. Ng3 g6 31. Bb2 Qd8 32. Qe3 Nfe8 33.
f4 exf4 34. Qxf4 Bg5 35. Qf3 Bf6 36. Rf1 Kg7 37. e5 dxe5 38. Ne4 Bf5 39.
Nxf6 Nxf6 40. Bxe5 Nce8 41. Nd4 Bd7 42. g4 h6 43. h4 Qe7 44. Qf4 Kg8 45. d6
1-0

[Event "40th Bosna Open"]
[Site "Sarajevo BIH"]
[Date "2010.05.09"]
[Round "5"]
[White "Manik,M"]
[Black "Plenca,J"]
[Result "1-0"]
[WhiteElo "2440"]
[BlackElo "2286"]
[EventDate "2010.05.05"]

1. e4 e6 2. d4 d5 3. Nc3 h6 4. Bd3 Bb4 5. e5 c5 6. a3 cxd4 7. axb4 dxc3 8.
bxc3 Qc7 9. Nf3 Nc6 10. O-O Nge7 11. Re1 O-O 12. Bf4 f5 13. Qd2 Ng6 14. h4
Qe7 15. b5 Nd8 16. Be3 Nxh4 17. Nxh4 Qxh4 18. Bxa7 Nf7 19. f4 Bd7 20. Qf2
Qd8 21. Bb6 Qc8 22. Qc5 Qxc5+ 23. Bxc5 Rfc8 24. Bd4 g5 25. g3 Kg7 26. Kf2
g4 27. Rxa8 Rxa8 28. Bxf5 exf5 29. e6+ Kf8 30. exd7 Rd8 31. Bc5+ Kg7 32.
Bd4+ Kf8 33. Bc5+ Kg7 34. Re7 Kf6 35. b6 h5 36. Ke3 Nh6 37. Kd4 Nf7 38.
Kxd5 h4 39. gxh4 g3 40. h5 Kg7 41. Ke6 1-0

[Event "40th Bosna Open"]
[Site "Sarajevo BIH"]
[Date "2010.05.09"]
[Round "5"]
[White "Thorfinnsson,Br"]
[Black "Inants,A"]
[Result "1/2-1/2"]
[WhiteElo "2422"]
[BlackElo "2259"]
[EventDate "2010.05.05"]

1. d4 d5 2. c4 c6 3. Nf3 Nf6 4. e3 e6 5. b3 Nbd7 6. Bb2 Bd6 7. Bd3 O-O 8.
O-O Qe7 9. Ne5 c5 10. Qf3 b6 11. Nd2 Bb7 12. Qh3 h6 13. Rad1 Ne4 14. Nxd7
Ng5 15. Qh5 Qxd7 16. h4 Nh7 17. dxc5 bxc5 18. Nf3 f5 19. cxd5 Bxd5 20. Bc4
Bxc4 21. bxc4 Qc7 22. Qg6 Nf6 23. Ng5 hxg5 24. hxg5 Bh2+ 25. Kh1 Be5 26.
Bxe5 Qxe5 27. gxf6 Rxf6 28. Qg3 Qxg3 29. fxg3 Rg6 30. Kh2 Rg4 31. Rf4 Rxf4
32. gxf4 Rb8 33. Rd7 a5 34. Rc7 1/2-1/2

[Event "40th Bosna Open"]
[Site "Sarajevo BIH"]
[Date "2010.05.09"]
[Round "5"]
[White "Ganaus,H"]
[Black "Bitalzadeh,A"]
[Result "1-0"]
[WhiteElo "2297"]
[BlackElo "2420"]
[EventDate "2010.05.05"]

1. d4 Nf6 2. c4 e6 3. Nc3 Bb4 4. e3 O-O 5. Nge2 d5 6. a3 Bd6 7. c5 Be7 8.
b4 b6 9. Nf4 c6 10. Be2 Nbd7 11. Nd3 Qc7 12. f4 Ne4 13. Nxe4 dxe4 14. Nf2
f5 15. Bd2 Nf6 16. O-O Nd5 17. Qc2 bxc5 18. bxc5 a5 19. Rab1 Kh8 20. g3 g5
21. Kh1 Rg8 22. Nh3 h6 23. a4 Bf6 24. Bc4 Ba6 25. Bxa6 Rxa6 26. Rb3 Qf7 27.
Qd1 Raa8 28. Qe2 gxf4 29. gxf4 Rg4 30. Nf2 Rg7 31. Rbb1 Rag8 32. Rg1 Bh4
33. Rxg7 Qxg7 34. Nh3 Qg4 35. Ng1 Qg6 36. Nh3 Nf6 37. Rg1 Ng4 38. Rg2 Rb8
39. Ng1 Qf7 40. Bxa5 Rb3 41. Bd2 Kh7 42. h3 Nf6 43. Qc4 Rb1 44. Qa2 Rb8 45.
a5 Nd5 46. Qa4 Qb7 47. a6 Qb5 48. Qd1 Nf6 49. Qa1 Ra8 50. d5 cxd5 51. Be1
Qf1 52. Qe5 Ng4 53. Qc7+ 1-0

[Event "40th Bosna Open"]
[Site "Sarajevo BIH"]
[Date "2010.05.09"]
[Round "5"]
[White "Csiszar,C"]
[Black "Urosevic,A"]
[Result "0-1"]
[WhiteElo "2417"]
[BlackElo "2240"]
[EventDate "2010.05.05"]

1. d4 Nf6 2. Nf3 e6 3. Bg5 c5 4. e3 h6 5. Bh4 Nc6 6. Nbd2 cxd4 7. exd4 Be7
8. c3 O-O 9. Bd3 b6 10. O-O Bb7 11. Re1 Nh5 12. Bxe7 Nxe7 13. a4 Nf4 14.
Bf1 d6 15. Qb3 Qc7 16. g3 Nfd5 17. Qa3 a5 18. Qb3 Rac8 19. Bg2 Rfe8 20. Nb1
Bc6 21. Nfd2 Qd7 22. Bh3 Nf5 23. Ne4 Red8 24. Nbd2 Rb8 25. Qd1 Qc7 26. Rc1
Nfe7 27. Nf1 Qb7 28. b3 Kh8 29. Qe2 Ng8 30. Ned2 Ngf6 31. Nc4 Qc7 32. Nb2
b5 33. axb5 Bxb5 34. c4 Ba6 35. Nd3 Nb4 36. Ne3 Nc6 37. Nf4 Re8 38. d5 Nd4
39. Qd1 e5 40. Ng4 Nxg4 41. Bxg4 Nxb3 42. Rc3 exf4 43. Rxe8+ Rxe8 44. Qxb3
fxg3 45. hxg3 Bc8 46. Bxc8 Rxc8 47. c5 dxc5 48. Qc4 Qd6 49. Ra3 Ra8 50. Ra4
Kg8 51. Kh2 Qb6 52. Kg2 h5 53. Kh2 g6 54. Kg2 Rd8 55. Kh2 Rd6 56. Qa2 Qb7
57. Rxa5 Qxd5 58. Qa3 Rc6 59. Ra8+ Kg7 60. Qb2+ Qd4 61. Qb8 Qxf2+ 62. Kh3
Qf1+ 63. Kh2 Qe2+ 64. Kh1 Qd1+ 65. Kh2 Qd2+ 66. Kh1 Kf6 67. Qh8+ Kf5 68.
Ra1 Re6 69. Qc8 Kg4 70. Ra4+ Kh3 0-1

[Event "40th Bosna Open"]
[Site "Sarajevo BIH"]
[Date "2010.05.09"]
[Round "5"]
[White "Willemze,T"]
[Black "Kamberovic,S"]
[Result "1-0"]
[WhiteElo "2408"]
[BlackElo "2239"]
[EventDate "2010.05.05"]

1. e4 c6 2. c4 g6 3. d4 d5 4. cxd5 cxd5 5. Nc3 dxe4 6. Bc4 Nf6 7. Qb3 e6 8.
Bg5 Be7 9. h4 h6 10. Bf4 a6 11. d5 b5 12. d6 bxc4 13. dxe7 cxb3 14. exd8=Q+
Kxd8 15. axb3 Bb7 16. O-O-O+ Nbd7 17. Be5 Ke7 18. Bd6+ Ke8 19. Nge2 Rc8 20.
Kb1 Ng4 21. Rhf1 f5 22. Bb4 Nge5 23. Nf4 Kf7 24. h5 g5 25. Ng6 Rhe8 26. Rd4
Kf6 27. Na4 Bd5 28. Bc3 Kf7 29. Nb6 Nxg6 30. hxg6+ Ke7 31. Bb4+ Kf6 32.
Nxd7+ Kxg6 33. Nb6 Rb8 34. Nxd5 exd5 35. Rc1 Rb5 36. Rc6+ Kh5 37. Rxa6 f4
38. Kc2 e3 39. fxe3 Rxe3 40. Bc3 Re2+ 41. Rd2 Re7 42. Rd6 Rh7 43. R6xd5
Rxd5 44. Rxd5 Kg4 45. Rd3 h5 46. b4 h4 47. Kd2 Re7 48. b5 Rb7 49. Rd5 f3
50. gxf3+ Kxf3 51. Rxg5 h3 52. Bd4 h2 53. Rh5 Kg2 54. b6 h1=Q 55. Rxh1 Kxh1
56. Kd3 Kg2 57. Kc4 Kf3 58. Kc5 Ke4 59. Bc3 Rh7 60. Kc6 Rh6+ 61. Kc7 Kd5
62. b7 Rc6+ 63. Kb8 Ra6 64. b4 Kd6 65. Bd4 Kd7 66. Ba7 Ra4 67. b5 Ra5 68.
b6 1-0

[Event "40th Bosna Open"]
[Site "Sarajevo BIH"]
[Date "2010.05.10"]
[Round "6"]
[White "Timofeev,Arty"]
[Black "Brkic,A"]
[Result "1-0"]
[WhiteElo "2677"]
[BlackElo "2573"]
[EventDate "2010.05.05"]

1. d4 Nf6 2. c4 g6 3. g3 Bg7 4. Bg2 c5 5. Nf3 Qa5+ 6. Bd2 Qb6 7. dxc5 Qxc5
8. Qb3 Nc6 9. Nc3 d6 10. Be3 Qa5 11. O-O O-O 12. h3 Be6 13. Qxb7 Rab8 14.
Qxc6 Bd7 15. Nd5 Bxc6 16. Nxe7+ Kh8 17. Nxc6 Qa6 18. Nxb8 Rxb8 19. b3 d5
20. Ne5 Kg8 21. Bd4 Re8 22. cxd5 Nxd5 23. Bxd5 Bxe5 24. Bxe5 Rxe5 25. Bf3
Qa3 26. Rfc1 Qb2 27. Rcb1 Qc3 28. b4 Rb5 29. a3 Rb6 30. Kg2 Kg7 31. Rd1 Ra6
32. Rdc1 Qb2 33. Rcb1 Qc2 34. b5 Ra5 35. e3 Qc4 36. Bc6 Qc2 37. Rd1 Qb2 38.
a4 Qc2 39. Rd4 a6 40. Rad1 Rxa4 41. Be4 Qb3 42. Rb1 1-0

[Event "40th Bosna Open"]
[Site "Sarajevo BIH"]
[Date "2010.05.10"]
[Round "6"]
[White "Gustafsson,J"]
[Black "Svetushkin,D"]
[Result "1-0"]
[WhiteElo "2640"]
[BlackElo "2547"]
[EventDate "2010.05.05"]

1. d4 Nf6 2. c4 e6 3. Nc3 Bb4 4. e3 O-O 5. Bd3 c5 6. Nf3 b6 7. d5 b5 8.
dxe6 fxe6 9. cxb5 d5 10. O-O Nbd7 11. Qc2 c4 12. Be2 Bb7 13. b3 cxb3 14.
Qxb3 Bd6 15. Ba3 Nc5 16. Bxc5 Bxc5 17. a4 Bd6 18. a5 Rb8 19. Nd4 Qd7 20. b6
axb6 21. axb6 e5 22. Ndb5 Bc5 23. Na4 Be7 24. Rfc1 Kh8 25. f3 Bc6 26. Rc2
d4 27. Rd1 Nd5 28. exd4 Nxb6 29. dxe5 Qe8 30. Rdc1 Bd7 31. e6 Bxe6 32. Qxe6
Nxa4 33. Nc7 Qf7 34. Qxf7 Rxf7 35. Nd5 Bf8 36. Rc8 Rxc8 37. Rxc8 g6 38. Bc4
Kg7 39. Nc7 Bc5+ 40. Kf1 Nb6 41. Ne6+ Kf6 42. Rc6 Ke7 43. Bb3 Be3 44. Rc3
Bh6 45. Rc7+ Nd7 46. Nc5 Kd6 47. Ra7 Rg7 48. Ne4+ Ke7 49. Ke2 Kd8 50. Ra8+
Kc7 51. Be6 Re7 52. Ra7+ Kd8 53. Ra6 Nb8 54. Ra8 Rxe6 55. Rxb8+ Kc7 56. Rh8
Re7 57. Kd3 Bf4 58. g3 Be5 59. Ra8 Kc6 60. f4 Bc7 61. Rh8 Bb6 62. Ng5 Bg1
63. Rc8+ Kd5 64. Rd8+ Kc6 65. Rc8+ Kd5 66. Rc2 Re3+ 67. Kd2 Ra3 68. Ke1
Ra1+ 69. Ke2 Bxh2 70. Rd2+ Kc4 71. Kf2 Bg1+ 72. Kg2 Be3 73. Rd7 h6 74. Nf7
g5 75. f5 h5 76. Kf3 Bc1 77. Ne5+ Kc5 78. f6 Ba3 79. Ke4 Rf1 80. Rd5+ Kb6
81. Nc4+ Kc6 82. Rxg5 Bb4 83. Rf5 Re1+ 84. Kf4 Kd7 85. Kg5 Re4 86. Rf4 Rxf4
87. gxf4 Bc3 88. Ne5+ Ke6 89. Kg6 h4 90. f7 Bb4 91. Nf3 Kd5 92. Nxh4 Ke4
93. f5 1-0

[Event "40th Bosna Open"]
[Site "Sarajevo BIH"]
[Date "2010.05.10"]
[Round "6"]
[White "Sandipan,C"]
[Black "Nisipeanu,LD"]
[Result "1/2-1/2"]
[WhiteElo "2640"]
[BlackElo "2672"]
[EventDate "2010.05.05"]

1. d4 Nf6 2. c4 e6 3. Nc3 Bb4 4. g3 c5 5. Nf3 cxd4 6. Nxd4 Ne4 7. Qd3 Qa5
8. Nb3 Nxc3 9. Bd2 Ne4 10. Qxe4 Bxd2+ 11. Nxd2 O-O 12. Bg2 Nc6 13. Qc2 Qe5
14. e3 Nb4 15. Qb3 Qxb2 16. Qxb2 Nd3+ 17. Ke2 Nxb2 18. a4 d5 19. cxd5 b6
20. Rhb1 Ba6+ 21. Kf3 Nd3 22. Bf1 Rad8 23. a5 Rxd5 24. axb6 Ne5+ 25. Kg2
axb6 26. Rxa6 Rxd2 27. h3 Nd7 28. Bb5 Nc5 29. Rxb6 Ne4 30. Bc6 Nxf2 31.
R1b2 Rxb2 32. Rxb2 Nd3 33. Rb5 Rc8 34. Be4 Nc5 35. Bb7 Nxb7 36. Rxb7 g6 37.
h4 Rc4 38. Kf3 h5 39. Ra7 Kg7 40. Rb7 Kf6 41. Ra7 Rc3 42. Rb7 e5 43. Ke4
Rc4+ 44. Kf3 Ke6 45. Ra7 Rc3 46. Ke4 Rc6 47. Rb7 Ra6 48. Kf3 Ra4 49. Rc7
Ra2 50. Rb7 Ra4 51. Rc7 Ra1 52. Rb7 Rf1+ 53. Ke2 Rg1 54. Kf2 Rd1 55. Kf3
Rd6 56. Ra7 f5 57. Rb7 Rc6 58. Ra7 Rb6 59. Ra5 Rc6 60. Ra7 Rc2 61. Ra6+ Kd5
62. Ra5+ Rc5 63. Ra6 e4+ 64. Kf4 Rc2 65. Kg5 Rg2 66. Kxg6 Rxg3+ 67. Kxf5
Rxe3 68. Ra5+ Kd4 69. Ra4+ Kd3 70. Ke5 1/2-1/2

[Event "40th Bosna Open"]
[Site "Sarajevo BIH"]
[Date "2010.05.10"]
[Round "6"]
[White "Kovacevic,A"]
[Black "Efimenko,Z"]
[Result "1/2-1/2"]
[WhiteElo "2573"]
[BlackElo "2677"]
[EventDate "2010.05.05"]

1. e4 e5 2. Nf3 Nc6 3. Bb5 Nf6 4. O-O Nxe4 5. Re1 Nd6 6. Nxe5 Be7 7. Bf1
Nxe5 8. Rxe5 O-O 9. d4 Bf6 10. Re1 Re8 11. Rxe8+ Nxe8 12. c3 d5 13. Bd3 Bg5
14. Nd2 Nd6 15. Qc2 g6 16. Nf3 Bxc1 17. Rxc1 Bf5 18. Bxf5 Nxf5 19. Qb3 Rb8
20. Re1 c6 21. Ne5 Qc7 22. Nd3 Nd6 23. Nc5 Rd8 24. g3 b6 25. Nd3 Ne4 26.
Ne5 c5 27. Qa4 Rc8 28. Nd3 Ng5 29. Re8+ Rxe8 30. Qxe8+ Kg7 31. dxc5 bxc5
32. Qe5+ Qxe5 33. Nxe5 Ne6 34. Nc6 a6 35. Kf1 Nc7 36. Ke2 Kf6 37. b4 cxb4
38. cxb4 Ke6 39. Kd3 Kd7 40. Ne5+ Ke6 41. Nc6 Kd7 42. Nd4 f6 43. f4 g5 44.
a4 gxf4 45. gxf4 Kd6 46. Nf5+ Kc6 47. Kc3 Kb6 48. Ne7 a5 49. f5 axb4+ 50.
Kxb4 Na6+ 51. Kc3 Kc5 52. Ng8 d4+ 53. Kd2 Kd5 54. Nxf6+ Ke5 55. Nxh7 Kxf5
56. Kd3 Nc5+ 57. Kxd4 Nxa4 58. Ke3 Nc5 59. h4 Kg4 60. h5 Kxh5 1/2-1/2

[Event "40th Bosna Open"]
[Site "Sarajevo BIH"]
[Date "2010.05.10"]
[Round "6"]
[White "Lenic,L"]
[Black "Sokolov,Ivan"]
[Result "1/2-1/2"]
[WhiteElo "2592"]
[BlackElo "2654"]
[EventDate "2010.05.05"]

1. d4 d5 2. c4 c6 3. Nf3 Nf6 4. e3 a6 5. Qc2 Bg4 6. Nbd2 e6 7. b3 Bd6 8.
Bb2 Nbd7 9. h3 Bxf3 10. Nxf3 Ne4 11. a3 f5 12. Bd3 Qf6 13. g4 fxg4 14. Bxe4
gxf3 15. Bxh7 O-O-O 16. O-O-O Kb8 17. Bd3 e5 18. Kb1 g5 19. c5 Bc7 20. e4
dxe4 21. Bxe4 exd4 22. Rxd4 Be5 23. Rd6 Qf4 24. Bc1 Qf7 25. Bxg5 Bxd6 26.
cxd6 Rdg8 27. Be3 Rh5 28. Ka2 a5 29. a4 Rh4 30. Rc1 c5 31. Rd1 Rc8 32. Bd5
Qf6 33. Qd2 Rb4 34. Bc4 Qf5 35. h4 Qg4 36. Qd5 Nb6 37. Qd3 Nxc4 38. d7 Nxe3
39. dxc8=Q+ Qxc8 40. Qxe3 Rxh4 41. Qxf3 Ka7 42. Rd5 Qc6 43. Qf5 Kb6 44. Qe5
Rh6 45. Qg5 1/2-1/2

[Event "40th Bosna Open"]
[Site "Sarajevo BIH"]
[Date "2010.05.10"]
[Round "6"]
[White "Mamedov,Nid"]
[Black "Godena,M"]
[Result "1/2-1/2"]
[WhiteElo "2614"]
[BlackElo "2554"]
[EventDate "2010.05.05"]

1. e4 e5 2. Nf3 Nc6 3. Bb5 a6 4. Ba4 Nf6 5. O-O b5 6. Bb3 Bc5 7. c3 d6 8.
a4 Bb7 9. d3 h6 10. Nh4 O-O 11. Qf3 Kh8 12. Nf5 Ng8 13. Bd5 b4 14. cxb4
Bxb4 15. Nc3 Rb8 16. Qg3 Qf6 17. f4 Nd4 18. fxe5 Bxc3 19. exf6 Ne2+ 20. Kf2
Nxg3 21. fxg7+ Bxg7 22. Kxg3 Bxd5 23. exd5 Bxb2 24. Bxb2+ Rxb2 25. Rac1 Rd2
26. Rf3 Nf6 27. Nxh6 Nxd5 28. Rc4 f5 29. Rxf5 1/2-1/2

[Event "40th Bosna Open"]
[Site "Sarajevo BIH"]
[Date "2010.05.10"]
[Round "6"]
[White "Durarbeyli,V"]
[Black "Geetha,Narayanan Gopal"]
[Result "0-1"]
[WhiteElo "2487"]
[BlackElo "2604"]
[EventDate "2010.05.05"]

1. e4 c5 2. c3 Nf6 3. e5 Nd5 4. d4 cxd4 5. cxd4 d6 6. Nf3 Nc6 7. Bc4 Nb6 8.
Bd3 g6 9. a4 Bg7 10. a5 Nd5 11. Be4 dxe5 12. dxe5 Be6 13. a6 O-O 14. axb7
Rb8 15. Ng5 Rxb7 16. f4 Rd7 17. Nxe6 fxe6 18. Qg4 Nxf4 19. Bxf4 Rxf4 20.
Qxf4 Rd1+ 21. Kf2 Rxh1 22. Bxc6 Qb6+ 23. Kg3 Qxc6 24. Rxa7 Re1 25. Ra5 Rxb1
26. Qd4 h5 27. Kh3 Qc2 0-1

[Event "40th Bosna Open"]
[Site "Sarajevo BIH"]
[Date "2010.05.10"]
[Round "6"]
[White "Bologan,V"]
[Black "Tratar,M"]
[Result "1-0"]
[WhiteElo "2668"]
[BlackElo "2507"]
[EventDate "2010.05.05"]

1. e4 e6 2. d4 d5 3. Nc3 dxe4 4. Nxe4 Nd7 5. Nf3 Ngf6 6. Nxf6+ Nxf6 7. c3
Be7 8. Bd3 O-O 9. Bf4 c5 10. dxc5 Bxc5 11. Qc2 Bd6 12. Bg3 Qc7 13. O-O-O
Bf4+ 14. Kb1 h6 15. Qd2 Nh5 16. Qe2 Bd7 17. Bc2 Bc6 18. Nd4 Nxg3 19. hxg3
Be5 20. g4 Bf6 21. Qd3 Rfd8 22. Rxh6 Kf8 23. Rh7 Ke7 24. Qe3 Qe5 25. g5
Qxg5 26. f4 Bxd4 27. cxd4 Qxg2 28. f5 Qg4 29. fxe6 Qxe6 30. Qg5+ Qf6 31.
Qc5+ Qd6 32. Re1+ Kd7 33. Bf5+ Kc7 34. Re7+ Kb8 35. Qxd6+ Rxd6 36. Rh8+ 1-0

[Event "40th Bosna Open"]
[Site "Sarajevo BIH"]
[Date "2010.05.10"]
[Round "6"]
[White "Fier,A"]
[Black "Petrosian,DG"]
[Result "1/2-1/2"]
[WhiteElo "2581"]
[BlackElo "2490"]
[EventDate "2010.05.05"]

1. e4 c5 2. Nf3 Nc6 3. d4 cxd4 4. Nxd4 e5 5. Nb5 d6 6. N1c3 a6 7. Na3 b5 8.
Nd5 Nf6 9. Bg5 Be7 10. Bxf6 Bxf6 11. c4 b4 12. Nc2 Rb8 13. g3 O-O 14. Bg2
Be6 15. O-O Bxd5 16. Qxd5 Qb6 17. Rad1 b3 18. axb3 Qxb3 19. Qxc6 Qxc2 20.
Rxd6 Rxb2 21. Rxf6 gxf6 22. Qxf6 Rfb8 23. Qg5+ Kf8 24. Qxe5 Rb1 25. Qh8+
Ke7 26. Qd4 Qe2 27. Qc5+ Ke8 28. e5 Rxf1+ 29. Bxf1 Rb1 30. Qc8+ Ke7 31.
Qc7+ Ke8 32. Qc8+ 1/2-1/2

[Event "40th Bosna Open"]
[Site "Sarajevo BIH"]
[Date "2010.05.10"]
[Round "6"]
[White "Nevednichy,V"]
[Black "Brandenburg,D"]
[Result "1-0"]
[WhiteElo "2560"]
[BlackElo "2503"]
[EventDate "2010.05.05"]

1. e4 c5 2. Nf3 e6 3. d3 Nc6 4. g3 g6 5. Bg5 Qb6 6. Qc1 Bg7 7. c3 d5 8. Bg2
Nf6 9. O-O O-O 10. Re1 dxe4 11. dxe4 e5 12. Nbd2 Be6 13. Bf1 Qc7 14. Be3
Ne7 15. h3 h6 16. Nc4 g5 17. Bd2 Ng6 18. Qc2 Rad8 19. a4 Qc8 20. Kh2 Ne8
21. g4 Nd6 22. Nxd6 Rxd6 23. Be3 Rfd8 24. Rad1 a6 25. b3 Qc6 26. Rxd6 Rxd6
27. Bc4 Bxc4 28. bxc4 Nf4 29. Bxf4 exf4 30. Kg2 b5 31. axb5 axb5 32. Qb3
bxc4 33. Qxc4 Re6 34. h4 Bf6 35. hxg5 hxg5 36. Re2 Qa6 37. Qxa6 Rxa6 38. e5
Be7 39. Rb2 f6 40. Rb7 Kf7 41. Rc7 Ra4 42. Rc6 Re4 43. exf6 Bxf6 44. Rxc5
Kg6 45. Rc6 Kf7 46. Rc7+ Kg6 47. Kf1 Re6 48. c4 Ra6 49. Kg2 Ra2 50. Rc6 Kf7
51. Rc5 Kg6 52. Rd5 Rc2 53. Nd2 Be7 54. Kf3 Kh6 55. Rd7 Bb4 56. Ne4 Rxc4
57. Rb7 Ba5 58. Rb5 Bd8 59. Rd5 Be7 60. Rd7 Bf8 61. Rf7 Bg7 62. Rf5 Ra4 63.
Rxg5 Bd4 64. Rd5 Kg6 65. Rd6+ Kg7 66. g5 Kf7 67. Kg4 Be5 68. Rd7+ Kg6 69.
Nc5 Rc4 70. Nd3 Bc7 71. Rd5 f3+ 72. Kxf3 Rh4 73. Ke3 Bb6+ 74. Ke2 Bc7 75.
Rc5 Bb8 76. Rb5 Bc7 77. Ke3 Rg4 78. Ne5+ Bxe5 79. Rxe5 Rg1 80. f4 Rd1 81.
Re6+ Kh5 82. Rf6 Re1+ 83. Kd4 Re8 84. Kd5 Re1 85. Kd6 Re4 86. Kd7 Re1 87.
Re6 Rf1 88. Rh6+ Kg4 89. Rf6 1-0

[Event "40th Bosna Open"]
[Site "Sarajevo BIH"]
[Date "2010.05.10"]
[Round "6"]
[White "D'Amore,C"]
[Black "Solak,D"]
[Result "0-1"]
[WhiteElo "2484"]
[BlackElo "2547"]
[EventDate "2010.05.05"]

1. Nf3 c5 2. e4 e6 3. d3 Nc6 4. g3 d6 5. Bg2 Be7 6. c3 Nf6 7. O-O O-O 8.
Re1 Bd7 9. Nbd2 Rc8 10. a3 b5 11. b4 e5 12. Bb2 Qb6 13. bxc5 Qxc5 14. a4 a6
15. axb5 axb5 16. Ra6 Nb8 17. d4 Qc7 18. Ra1 Nc6 19. Nb3 Ra8 20. d5 Na5 21.
Nxa5 Rxa5 22. Rxa5 Qxa5 23. Qb3 Qb6 24. Ba3 Ng4 25. Qb2 Ra8 26. Bb4 Ra6 27.
Qe2 Qa7 28. Rd1 Bd8 29. h3 Nxf2 30. Qxf2 Bb6 31. Nd4 exd4 32. cxd4 Ra1 33.
Qe2 Qa4 34. Rxa1 Qxa1+ 35. Kh2 Bxd4 36. Bf1 Be5 37. Kg2 Qb1 38. Be1 g6 39.
Bf2 Kg7 40. g4 Qc1 41. Be3 Qc3 42. Bd2 Qg3+ 43. Kh1 b4 44. Be1 Qa3 45. Qd3
Qa2 46. Qd2 b3 47. Bd3 b2 0-1

[Event "40th Bosna Open"]
[Site "Sarajevo BIH"]
[Date "2010.05.10"]
[Round "6"]
[White "Martinovic,Sa"]
[Black "Huschenbeth,N"]
[Result "1-0"]
[WhiteElo "2515"]
[BlackElo "2457"]
[EventDate "2010.05.05"]

1. d4 d5 2. Nf3 Nf6 3. c4 dxc4 4. e3 e6 5. Bxc4 c5 6. O-O a6 7. Bb3 cxd4 8.
exd4 Nc6 9. Nc3 Be7 10. Bg5 O-O 11. Qd2 h6 12. Bf4 b5 13. Rad1 Na5 14. Bc2
Nc4 15. Qc1 Bb7 16. Ne5 Nd5 17. Bxh6 f5 18. Nxc4 bxc4 19. Bf4 Nxf4 20. Qxf4
Rf6 21. d5 exd5 22. Bxf5 g6 23. Qg4 Qb6 24. Nxd5 Bxd5 25. Rxd5 Raf8 26.
Qxc4 Kg7 27. Rd7 R8f7 28. Qe2 Kf8 29. Bg4 Ke8 30. Rc1 1-0

[Event "40th Bosna Open"]
[Site "Sarajevo BIH"]
[Date "2010.05.10"]
[Round "6"]
[White "Nikcevic,N"]
[Black "Sebenik,M"]
[Result "1-0"]
[WhiteElo "2387"]
[BlackElo "2515"]
[EventDate "2010.05.05"]

1. Nf3 Nf6 2. c4 g6 3. Nc3 Bg7 4. e4 d6 5. d4 O-O 6. Be2 e5 7. O-O Nc6 8.
d5 Ne7 9. Nd2 Ne8 10. b4 f5 11. c5 Nf6 12. f3 f4 13. Nc4 g5 14. a4 Ng6 15.
Ba3 Rf7 16. b5 dxc5 17. Bxc5 h5 18. d6 Be6 19. Nd5 cxd6 20. Nxd6 Rd7 21.
Bc4 Bf8 22. Ne3 Bxc4 23. Nexc4 Rc8 24. Qb3 Rxc5 25. Nxe5+ Kh7 26. Nxd7 Qxd7
27. Nf5 Ne5 28. Rad1 Qf7 29. Qxf7+ Nxf7 30. Rc1 g4 31. Rfd1 Ne5 32. Nd4
gxf3 33. gxf3 Be7 34. Kf1 Kg6 35. Ke2 Kf7 36. Nb3 Rxc1 37. Rxc1 Ne8 38. Na5
b6 39. Nc6 Nxc6 40. Rxc6 Bc5 41. Kd3 Ke7 42. e5 Kd7 43. Rh6 Nc7 44. Ke4 Ne6
45. Kf5 Ng7+ 46. Kf6 Ne8+ 47. Kg5 Ng7 48. Rh7 Be7+ 49. Kxf4 Ne6+ 50. Ke3 h4
51. f4 Nf8 52. Rh6 Ne6 53. Kf3 Nc5 54. f5 Nxa4 55. Rh7 1-0